000 01096nam a2200229Ia 4500
001 20320
003 GE_BSU
008 181216s||||||||xx |||||||||||||| ||und||
040 _cGE_BSU
080 _a811.353.1-8(076.1)(072)
245 _aწინასაანბანო სავარჯიშოები : მასწავლებელთა დასახმარებლად
245 _cშეადგ.ვ.რამიშვილი;რედ:ნ.სუხიტაშვილი
260 _aთბილისი
260 _bგანათლება
260 _c1987
300 _a31გვ;19სმ.
541 _h10ლ.
653 _aქართული ენა
653 _aქართული ენა - წინასაანბანო სავარჯიშოები - მეთოდური სახელმძღვანელოები;
653 _aწინასაანბანო სავარჯიშოები : მასწავლებელთა დასახმარებლად
942 _cBK
999 _c53279
_d53279